01365cam a2200265 a 450000100090000000300040000900500170001300800410003001000170007102000250008804000180011304200080013105000260013908200180016510000180018324501160020125000120031726000460032930000340037550400640040950505190047365000470099265000310103970000290107017347205OSt20180117085941.0120614s2013 caua b 001 0 eng  a 2012017337 a9781412981439 (pbk.) aDLCcDLCdDLC apcc00aRC552.P67bB7495 201300a616.85/212231 aBriere, John.10aPrinciples of trauma therapy :ba guide to symptoms, evaluation, and treatment /cJohn Briere, Catherine Scott. a2nd ed. aLos Angeles :bSage Publications,cc2013. avii, 372 p. :bill. ;c26 cm. aIncludes bibliographical references (p. 305-362) and index.0 aPt. 1. Trauma, effects, and assessment -- What is trauma? -- The effects of trauma -- Assessing trauma and posttraumatic outcomes -- Pt. 2. Clinical interventions -- Central issues in trauma treatment -- Psychoeducation -- Distress reduction and affect regulation training -- Cognitive interventions -- Emotional processing -- Increasing identity and relational functioning -- Mindfulness in trauma treatment -- Treating the effects of acute trauma -- Psychobiology and psychopharmacology of trauma -- Conclusions. 0aPost-traumatic stress disorderxTreatment. 0aPsychic traumaxTreatment.1 aScott, Catherine,d1968-